000 01202cam a2200349 a 4500
999 _c174544
_d174544
001 13699496
003 Nust
005 20170131144900.0
008 030312s2002 pk b 001 0 eng
010 _a 2003340107
020 _a9694072778
025 _aP-E-2003340107; 07; 08
035 _a(DLC) 2003340107
040 _aDLC
_cDLC
_dDLC
042 _alcode
043 _aa-pk---
050 0 0 _aDS389
_b.A93 2002
082 0 0 _a954.9105
_222
100 1 _aAzam, K. M.
_q(Khan Muhammad),
_d1931-
245 1 0 _aPakistan :
_beconomy, politics, philosophy and religion /
_cK.M. Azam.
260 _aKarachi :
_bRoyal Book Co.,
_c2002.
300 _axiii, 406 p. ;
_c22 cm.
504 _aIncludes bibliographical references and index.
650 0 _aReligion and state
_zPakistan.
650 0 _aIslam and politics
_zPakistan.
650 0 _aIslam
_zPakistan.
651 0 _aPakistan
_xPolitics and government
_y1988-
651 0 _aPakistan
_xEconomic conditions.
906 _a7
_bcbc
_corigode
_d3
_encip
_f20
_gy-gencatlg
942 _2ddc
_cBK